Presentation skills for students / (Record no. 19396)
[ view plain ]
| 000 -LEADER | |
|---|---|
| fixed length control field | 02151cam a22003495a 4500 |
| 001 - CONTROL NUMBER | |
| control field | 16419394 |
| 003 - CONTROL NUMBER IDENTIFIER | |
| control field | EG-ScBUE |
| 005 - DATE AND TIME OF LATEST TRANSACTION | |
| control field | 20201128021251.0 |
| 008 - FIXED-LENGTH DATA ELEMENTS--GENERAL INFORMATION | |
| fixed length control field | 100816s2010 enka f b 001 0 eng d |
| 020 ## - INTERNATIONAL STANDARD BOOK NUMBER | |
| International Standard Book Number | 9780230243040 (pbk.) |
| 040 ## - CATALOGING SOURCE | |
| Original cataloging agency | DLC |
| Language of cataloging | eng |
| Description conventions | rda |
| Transcribing agency | DLC |
| Modifying agency | YDX |
| -- | UKM |
| -- | YDXCP |
| -- | C#P |
| -- | CDX |
| -- | BWX |
| -- | ZAD |
| -- | DLC |
| -- | EG-ScBUE |
| 082 04 - DEWEY DECIMAL CLASSIFICATION NUMBER | |
| Classification number | 808.51 |
| Item number | VAN |
| Edition number | 22 |
| 100 1# - MAIN ENTRY--PERSONAL NAME | |
| Personal name | Van Emden, Joan, |
| Relator term | author. |
| 9 (RLIN) | 38056 |
| 245 10 - TITLE STATEMENT | |
| Title | Presentation skills for students / |
| Statement of responsibility, etc | Joan Van Emden, Lucinda Becker. |
| 250 ## - EDITION STATEMENT | |
| Edition statement | Second edition. |
| 264 #1 - PUBLICATION, DISTRIBUTION, ETC. (IMPRINT) | |
| Place of publication, distribution, etc | Basinstoke, Hampshire ; |
| -- | New York, NY : |
| Name of publisher, distributor, etc | Palgrave Macmillan, |
| Date of publication, distribution, etc | 2010. |
| 300 ## - PHYSICAL DESCRIPTION | |
| Extent | vii, 155 pages : |
| Other physical details | illustrations ; |
| Dimensions | 22 cm. |
| 336 ## - CONTENT TYPE | |
| Source | rdacontent |
| Content type term | text |
| Content type code | txt |
| 337 ## - MEDIA TYPE | |
| Source | rdamedia |
| Media type term | unmediated |
| Media type code | n |
| 338 ## - CARRIER TYPE | |
| Source | rdacarrier |
| Carrier type term | volume |
| Carrier type code | nc |
| 490 0# - SERIES STATEMENT | |
| Series statement | Palgrave study skills |
| 504 ## - BIBLIOGRAPHY, ETC. NOTE | |
| Bibliography, etc | Includes bibliographical references and index. |
| 505 8# - FORMATTED CONTENTS NOTE | |
| Formatted contents note | Machine generated contents note: Preface -- Personal Development: Speaking to an Audience -- Delivery and Non-verbal Communication and Nerves -- Choosing and Using Visual Aids -- Speaking as Part of Your Course -- Speaking as Part of a Group -- Speaking as a Student Representative -- Speaking at Elections and Meetings -- Job Searches and Job Interviews. |
| 520 ## - SUMMARY, ETC. | |
| Summary, etc | "Presentation Skills for Students is a practical, accessible guide for all students in further or higher education. It discusses speaking effectively in seminars, tutorials and formal presentations and helps with career research including a practical step-by-step guide to a successful job interview. Regular checklists and the friendly down-to-earth style make this an ideal reference tool. The second edition: reflects the changes in technology; includes new material in the job search and job interviews chapter; highlights the hazards of using social networking sites; includes illustrations, which add both clarity and humor"-- |
| 650 #7 - SUBJECT ADDED ENTRY--TOPICAL TERM | |
| Topical term or geographic name as entry element | Public speaking. |
| Source of heading or term | BUEsh |
| 9 (RLIN) | 1867 |
| 650 #7 - SUBJECT ADDED ENTRY--TOPICAL TERM | |
| Topical term or geographic name as entry element | Interpersonal communication. |
| Source of heading or term | BUEsh |
| 9 (RLIN) | 821 |
| 651 ## - SUBJECT ADDED ENTRY--GEOGRAPHIC NAME | |
| Source of heading or term | BUEsh |
| 653 ## - INDEX TERM--UNCONTROLLED | |
| Arrived date list | May2015 |
| Resource For college | Humanities: English |
| 655 ## - INDEX TERM--GENRE/FORM | |
| Form subdivision | Reading book |
| 9 (RLIN) | 34232 |
| 700 1# - ADDED ENTRY--PERSONAL NAME | |
| Personal name | Becker, Lucinda M, |
| Dates associated with a name | 1963- |
| Relator term | author. |
| 942 ## - ADDED ENTRY ELEMENTS (KOHA) | |
| Source of classification or shelving scheme | Dewey Decimal Classification |
| Koha item type | Book - Borrowing |
| Withdrawn status | Lost status | Source of classification or shelving scheme | Damaged status | Not for loan | Collection code | Home library | Current library | Shelving location | Date acquired | Source of acquisition | Cost, normal purchase price | Serial Enumeration / chronology | Total Checkouts | Total Renewals | Full call number | Barcode | Date last seen | Date checked out | Cost, replacement price | Price effective from | Koha item type |
|---|---|---|---|---|---|---|---|---|---|---|---|---|---|---|---|---|---|---|---|---|---|
| Dewey Decimal Classification | Baccah | Central Library | Central Library | Second Floor | 21/05/2015 | Purchase | 174.00 | 22487 | 6 | 69 | 808.51 VAN | 000038269 | 15/07/2025 | 23/11/2023 | 218.00 | 21/05/2015 | Book - Borrowing |